Представление документа в формате MARC21

Поле Инд. ПП Название Значение
Тип записи m
Библиографический уровень m
001 Контрольный номер RU/LIBMSTU/382699575
005 Дата корректировки 20200519121014.0
008 Кодируемые данные 121109|||||||||ru |||||||||||000|||rus||
040 b Код языка каталог. rus
041 0_ a Код языка текста rus
084 a Индекс другой классификации/Индекс ББК 65.42я7
090 x Авторский знак М 30
100 1_ a Автор Марченко И. С.
110 2_ a Организация/ юрисдикция Мурманский государственный технический университет
245 10 a Заглавие Коммерческая деятельность
b Продолж. заглавия учеб. пособие. [В 2 ч.]
c Ответственность Федер. агентство по рыболовству, ФГОУ ВПО "Мурман. гос. техн. ун-т"
n Номер части/ раздела Ч. 1. Основы коммерческой деятельности
h Физич. носитель Электронный ресурс
256 a Характеристики компьютерного файла Электрон. текстовые дан. (1 файл : 2,1 Мб)
260 a Место издания Мурманск
b Издательство Изд-во МГТУ
c Дата издания 2011
500 a Примечание Доступ из локальной сети Мурман. гос. техн. ун-та. - Загл. с экрана
500 a Примечание Имеется печ. аналог 2011 г.
583 x Служебное примечание Полнотекстовые документы
x Служебное примечание Труды преподавателей МГТУ
z Открытое примечание 100000
z Открытое примечание Для студентов гуманитарных специальностей
z Открытое примечание Для студентов экономических специальностей
650 04 a Основная рубрика Коммерческая деятельность-Учебные издания для высших учебных заведений
653 0_ a Ключевые слова Коммерческая деятельность; Лизинг; Оптовая торговля; Психология; Розничная торговля; Рынок товаров; Управление коммерческой деятельностью; Франчайзинг; Электронные версии; Труды преподавателей МГТУ
856 40 u URL https://elib.mauniver.ru/2011/U_11_22.pdf
901 t Тип документа m
952 b Гриф литературы для ВШ Допущено Ученым советом МГТУ
c Вид литературы учебное пособие